| 000 | 00581cam a2200229 4500 | ||
|---|---|---|---|
| 008 | 090401t1995 xxu||||| |||| 00| 0 eng d | ||
| 020 | _a0117019275 | ||
| 035 | _a(Sirsi) u355 | ||
| 041 | _aeng | ||
| 050 | _a711.52 | ||
| 110 |
_aUnited Kingdom _bCentral Office of Information _91074 |
||
| 245 | _aUrban regeneration. | ||
| 260 |
_aLondon _bHMSO _c1995 |
||
| 300 | _a85p. ; 21cm. | ||
| 350 | _a5.95 | ||
| 490 | _aAspects of Britain | ||
| 650 | _aINNER CITY REGENERATION | ||
| 650 | _aURBAN REGENERATION | ||
| 690 | _aURBAN RENEWAL | ||
| 942 | _n0 | ||
| 948 | _c04/03/1997 | ||
| 999 |
_c85538 _d85538 |
||